LEADER 01685nam a2200325 i 4500 001 000000213269 003 CaOOAMICUS 005 20200515094118.0 008 120517s1732 it u000 u ita u 013 $a192124 026 $aren- edua rah' savo (3) 1732 (R) 040 $aSeMil$bita 100 0 $aAristoteles,$d<384-322 a.C.>.$0(OLS)http://semarc/name/1263 245 10$aRettorica d'Aristotile fatta in lingua toscana dal commendatore Annibal Caro. Accresciuta d'una prefazione del dottor Biagio Schiavo. Dedicata all'illustrissimo signore d. Francesco de' Niccolai de' marchesi di Canneto. 264 1$aIn Venezia :$bpresso Pietro Bassaglia,$c1732. 300 $a88, 256, [2] p. ;$c8°. 500 $aStemma calcogr. sul front. 500 $aSegn.: a-e8 f4 A-Q8 chi1 650 4$aAristotele <384-322 a.C.> . Retorica.$0(OLS)http://semarc/subject/24359 700 1 $aCaro, Annibale,$d<1507-1566>.$0(OLS)http://semarc/name/1245 700 1 $aSchiavo, Biagio <1675-1750>.$0(OLS)http://semarc/name/75974 700 1 $aBassaglia, Pietro,$c.$0(OLS)http://semarc/name/6021 850 $aSeMil 852 $aSeMil$W1$xVenegono$y1$m1Y II 107 FA$j163699$B163699$CSeMilBibl$Z2$F174765 $8I 900 0 $aAristotele. 961 $aRecupero: Deposito 996 $6245$aRettorica d'Aristotile fatta in lingua toscana dal commendatore Annibal Caro. Accresciuta d'una prefazione del dottor Biagio Schiavo. Dedicata all'illustrissimo signore d. Francesco de' Niccolai de' marchesi di Canneto$9(OLS)http://semarc/title/307526 996 $6264$aIn Venezia :$bpresso Pietro Bassaglia$9(OLS)http://semarc/publisher/52747 LEADER 00775nam a2200193 i 4500 001 000000114278 003 CaOOAMICUS 005 20030414000000.0 008 030414s1841 it u000 u mul u 013 $a86964 040 $aSeMil$bita 245 10$a[Tavole]. 300 $a1 v. di tavole. 500 $aMutilo delle tavole corrispondenti alle p. 55 : Gerusalemme : veduta dal Monte Oliveto ; e 145 : Monte Carmelo : guardante il mare. 700 1 $aBriano, Giorgio$b<1812-1874>.$0(OLS)http://semarc/name/4596 773 0 $aBriano, Giorgio <1812-1874>$tSiria e l'Asia Minore.$dTorino : Pomba e C., 1841.$w()9316 850 $aSeMil 852 $aSeMil$W1$xVenegono$y1$m4Y VII 63 FA$j69860$B69860$CSeMilBibl$Z2$F75017 $8I 996 $6245$a[Tavole]$9(OLS)http://semarc/title/140910